| 000 | 00792nam a2200265 a 4500 | ||
|---|---|---|---|
| 001 | 26725 | ||
| 003 | BD-RjUL | ||
| 005 | 20211209051046.0 | ||
| 008 | 140323s1982 ii b 001 0 eng | ||
| 020 | _a0706917731 : | ||
| 035 | _a(BD-RjUL)26796 | ||
| 040 |
_aDLC _cDLC _dDLC _dBD-RjUL _beng |
||
| 041 | _aeng | ||
| 082 | 0 | 0 |
_a954.92 _219 _bBHE 1982 |
| 100 | 1 |
_aBhuiyan, Md. Abdul Wadud. _982119 |
|
| 245 | 1 | 0 |
_aEmergence of Bangladesh and role of Awami League / _cMd. Abdul Wadud Bhuiyan. |
| 260 |
_aNew Delhi : _bVikas, _cc1982. |
||
| 300 |
_avi, 288 p. ; _c23 cm. |
||
| 504 | _aBibliography: p. [272]-282. and index. | ||
| 651 | 0 |
_aBangladesh _xPolitics and government. _982120 |
|
| 710 | 2 |
_aAwami League. _982121 |
|
| 942 |
_2ddc _cBK |
||
| 999 |
_c26725 _d26725 |
||